000 00574nam a2200193Ia 4500
003 GCL
008 140319s9999 xx 000 0 ara d
040 _aGCL /
_cGCL
082 0 4 _a810.9022
_bح أ
100 1 _aحسنى محمود
245 1 0 _aادب الرحلة عند العرب : رحلات امين الريحانى نموذجا /
_cحسنى محمود
300 _a307 ص
490 _a
650 0 4 _aالادب العربى
650 0 4 _aالرحلات
650 0 4 _aالرحالة العرب
650 0 4 _aالرحلات فى الادب
942 _2ddc
_cBK
999 _c42461
_d42461